000 00506 a2200181 4500
001 138028
020 _a9788566626421
040 _cLeonardo Da Vinci
041 _aPortuguês
082 _a791.4 C957s
_bC957s
100 _aCRUZ, Tatiane Monteiro da
245 _aO surdo no cinema
_bmudanças de paradigmas
260 _bJogo de Palavras
_c2018
_aAlumínio, SP
300 _a[184] p
362 _a20180000
697 _aCinema
_aSurdos
_aDeficiência auditiva
_aLíngua de Sinais
_aLIBRAS
942 _cBK
999 _c138028
_d138028